Normal view
MARC view
- تصنيف الازهري،ابو منصور ؛ تحقيق محمد جبر الالفي ، مراجعة: محمد بشير الادلبي ، عبد الستار ابو غده
Entry Personal Name
001 - CONTROL NUMBER
- control field: 43695
003 - CONTROL NUMBER IDENTIFIER
- control field: JO-AjAnu
005 - DATE AND TIME OF LATEST TRANSACTION
- control field: 20230606081235.0
008 - FIXED-LENGTH DATA ELEMENTS
- fixed length control field: 230606|| aca||aabn | a|a d
040 ## - CATALOGING SOURCE
- Original cataloging agency: JO-AjAnu
- Transcribing agency: JO-AjAnu
100 ## - HEADING--PERSONAL NAME
- Personal name: تصنيف الازهري،ابو منصور ؛ تحقيق محمد جبر الالفي ، مراجعة: محمد بشير الادلبي ، عبد الستار ابو غده
670 ## - SOURCE DATA FOUND
- Source citation: Work cat.: (JO-AjAnu)22371: تصنيف الازهري،ابو منصور ؛ تحقيق محمد جبر الالفي ، مراجعة: محمد بشير الادلبي ، عبد الستار ابو غده, author, الزاهر في غريب ألفاظ الشافعي